|
|
|
|
| LEADER |
00870nam a2200217 a 4500 |
| 001 |
00024582 |
| 008 |
120314s2007 caua b 001 0 eng d |
| 020 |
|
|
|a 9781933952123
|
| 040 |
|
|
|a BD-DhAAL
|c BD-DhAAL
|
| 082 |
0 |
4 |
|a 005.140684
|2 22
|
| 100 |
1 |
|
|a Mckay, Judy.
|
| 245 |
1 |
0 |
|a Managing the test people :
|b a guide to practical technical managment /
|c Judy Mckay.
|
| 250 |
|
|
|a 1st ed.
|
| 260 |
|
|
|a Santa Barbara, CA :
|b Rocky Nook,
|c 2007.
|
| 300 |
|
|
|a xv, 180 p. :
|b ill. ;
|c 24 cm.
|
| 504 |
|
|
|a Includes bibliographical references (p. 175-176) and indexes.
|
| 541 |
1 |
|
|e 0024582
|
| 650 |
|
0 |
|a Computer software
|x Testing
|
| 852 |
1 |
|
|a Ayesha Abed Library
|j General shelf
|
| 999 |
|
|
|c 11961
|d 11961
|
| 952 |
|
|
|0 0
|1 0
|4 0
|6 005_140684000000000_MCK
|7 0
|9 19673
|a BRACUL
|b BRACUL
|c GEN
|d 2012-03-14
|e Trim Education
|g 3895.00
|l 1
|m 14
|o 005.140684 MCK
|p 3010024582
|r 2026-01-07
|s 2024-07-01
|t 1
|w 2012-03-15
|y BK
|